Oswald Chambers (Record no. 187145)
[ view plain ]
| 000 -LEADER | |
|---|---|
| fixed length control field | 00538 a2200169 4500 |
| 003 - CONTROL NUMBER IDENTIFIER | |
| control field | Nust |
| 005 - DATE AND TIME OF LATEST TRANSACTION | |
| control field | 20170207153457.0 |
| 040 ## - CATALOGING SOURCE | |
| Transcribing agency | Nust |
| 082 ## - DEWEY DECIMAL CLASSIFICATION NUMBER | |
| Classification number | 920 |
| 100 ## - MAIN ENTRY--PERSONAL NAME | |
| Personal name | Young T,Dinsdale |
| 245 ## - TITLE STATEMENT | |
| Title | Oswald Chambers |
| Remainder of title | His Life and work |
| Statement of responsibility, etc. | Dinsdale T Young |
| 260 ## - PUBLICATION, DISTRIBUTION, ETC. | |
| Place of publication, distribution, etc. | London |
| Name of publisher, distributor, etc. | Simpkin |
| 300 ## - PHYSICAL DESCRIPTION | |
| Extent | 445 :p |
| 505 ## - FORMATTED CONTENTS NOTE | |
| Formatted contents note | Early Years (Page-17), Dunoon (Page-57), America And Japan (Page-89), The League Of Prayer (Page-125), The Bible Training College (Page-177), Egypt (Page-212). |
| 538 ## - SYSTEM DETAILS NOTE | |
| System details note | Almirah No.60 Shelf No.4 |
| 650 ## - SUBJECT ADDED ENTRY--TOPICAL TERM | |
| Topical term or geographic name entry element | Biography |
| 942 ## - ADDED ENTRY ELEMENTS (KOHA) | |
| Source of classification or shelving scheme | |
| Koha item type | Book |
| Withdrawn status | Lost status | Source of classification or shelving scheme | Damaged status | Not for loan | Collection code | Permanent Location | Current Location | Date acquired | Total Checkouts | Full call number | Barcode | Date last seen | Price effective from | Koha item type |
|---|---|---|---|---|---|---|---|---|---|---|---|---|---|---|
| Military College of Signals (MCS) | Military College of Signals (MCS) | 12/12/2016 | 920 OSW | MCS29251 | 12/08/2016 | 12/12/2016 | Book |
